Szczegóły MARC21

Duden : die deutsche Rechtschreibung /

003 -Nazwa inst., której nr kontr. jest w polu 001 [,]
    • @
    • Nazwa instytucji, której n kontrolny jest w polu 001
    • NUKAT
005 -DATA I CZAS OSTATNIEJ MODYFIKACJI [,]
    • @
    • pole kontrolne
    • 20260410144044.0
020 -Międzynarod. znormalizowany nr książki - ISBN [ , ]
    • a
    • Numer ISBN
    • 3411040130 Find
040 -Instytucja sporządzająca opis [ , ]
    • a
    • Instytucja, która sporządziła opis (NP)
    • KAT U/DL
    • c
    • Instytucja, która sporządziła rekord (NP)
    • KAT U/DL
    • d
    • Instytucja, która zmodyfikowała rekord (P)
    • KAT U/TK
    • d
    • Instytucja, która zmodyfikowała rekord (P)
    • KAT U/46MMs
942 -Rodzaj dokumentu [ , ]
    • c
    • Rodzaj dokumentu
    • Książka
245 -Strefa tytułu i oznaczenia odpowiedzialności [0,0]
    • a
    • Tytuł
    • Duden : Find
    • b
    • Ciąg dalszy tytułu (NP)
    • die deutsche Rechtschreibung / Find
    • c
    • Pozostałe elementy strefy tytułu i oznaczenia odpowiedzialności (NP)
    • hrsg. von der Dudenredaktion auf der Grundlage der neuen amtlichen Rechtschreibregeln ; [Red., Bearb.: Werner Scholze-Stubenrecht et al.].
246 -Wariant tytułu [3,0]
    • a
    • Tytuł (NP)
    • Deutsche Rechtschreibung
250 -Strefa wydania [ , ]
    • a
    • Oznaczenie wydania (NP)
    • 23., völlig neu bearb. und erw. Aufl.
260 -Strefa adresu wydawniczego [ , ]
    • a
    • Miejsce wydania (P)
    • Mannheim [etc.] :
    • b
    • Nazwa wydawcy (P)
    • Dudenverlag,
    • c
    • Data wydania (P)
    • cop. 2004.
300 -Strefa opisu fizycznego [ , ]
    • a
    • Określenie formy książki i/lub objętość (NP)
    • 1152 s. ;
    • c
    • Format (NP)
    • 20 cm.
336 -Typ zawartości [ , ]
    • a
    • Termin opisujący typ zawartości
    • Tekst
    • b
    • Kod określający zawartość
    • txt
    • 2
    • Źródło (terminu i kodu)
    • rdacontent
337 -Typ mediów [ , ]
    • a
    • Tryb odtwarzania
    • Bez urządzenia pośredniczącego
    • b
    • Kod typu mediów
    • n
    • 2
    • Źródło (terminu i kodu)
    • rdamedia
338 -Typ/rodzaj nośnika [ , ]
    • a
    • Hasło opisujące typ nośnika
    • Wolumin
    • b
    • Kod typu nośnika
    • nc
    • 2
    • Źródło (terminu i kodu)
    • rdacarrier
380 -Deskryptor - Forma dzieła (P) [ , ]
    • a
    • forma dzieła (NP)
    • Książki
490 -Strefa serii i książki wielotomowej - forma nie do wyszukiwania [1, ]
    • a
    • Tytuł (P)
    • Der Duden in zwölf Bänden : das Standardwerk zur deutschen Sprache ; Find
    • v
    • Numeracja (P)
    • Bd. 1
830 -Hasło dodatkowe serii i opisu książki wielotomowej - tytuł ujednolicony/tytuł [ ,0]
    • a
    • Tytuł ujednolicony/tytuł (NP)
    • Duden in 12 Bänden
    • v
    • Oznaczenie tomu (NP)
    • Bd. 1
    • 9
    • KHW
    • 404714
500 -Uwaga ogólna [ , ]
    • a
    • Uwaga ogólna (NP)
    • Druk trzyszpaltowy.
080 -Uniwersalna Klasyfikacja Dziesiętna [ , ]
    • 2
    • Identyfikator wydania tablic
    • UDC-P058
    • a
    • Symbol klasyfikacji
    • 811.112.2'35'374
    • b
    • Dopowiedzenie
    • Język niemiecki. - Słowniki ortograficzne.
650 -Hasło przedmiotowe [ ,7]
    • a
    • Hasło przedmiotowe
    • Prawo
    • 2
    • Źródło terminu
    • DBN
    • 9
    • KHW
    • 723513
650 -Hasło przedmiotowe [ ,7]
    • a
    • Hasło przedmiotowe
    • Terminologia
    • 2
    • Źródło terminu
    • DBN
    • 9
    • KHW
    • 723223
650 -Hasło przedmiotowe [ ,7]
    • a
    • Hasło przedmiotowe
    • Język niemiecki
    • x
    • Określnik rzeczowy
    • ortografia
    • x
    • Określnik rzeczowy
    • reforma.
    • 2
    • Źródło terminu
    • kaba
    • 9
    • KHW
    • 374266
650 -Hasło przedmiotowe [ ,7]
    • a
    • Hasło przedmiotowe
    • Język niemiecki
    • x
    • Określnik rzeczowy
    • ortografia
    • v
    • Określnik formalny
    • słowniki.
    • 2
    • Źródło terminu
    • kaba
    • 9
    • KHW
    • 469356
658 -Ujęcie treści [ , ]
    • a
    • dziedzina nauki i sztuki/ sfera aktywności życiowej
    • Prawo i wymiar sprawiedliwości
980 -Symbol UKD [ , ]
    • a
    • UKD
    • 811.112.2'35'374
700 -Hasło dodatkowe - nazwa osobowa [1, ]
    • a
    • Nazwa osobowa (NP)
    • Scholze-Stubenrecht, Werner Find
    • d
    • Daty biograficzne (NP)
    • (1948-2016).
    • e
    • Określenie rodzaju współpracy
    • Red.
    • 9
    • KHW
    • 80728
710 -Hasło dodatkowe - nazwa ciała zbiorowego [2, ]
    • a
    • Nazwa ciała zbiorowego lub nazwa geograficzna jako pierwszy element (NP)
    • Bibliographisches Institut (Mannheim).
    • b
    • Nazwa jednostki podrzędnej (P)
    • Dudenredaktion.
    • 4
    • Kod relacji
    • pbl
    • 9
    • KHW
    • 404713
920 -ISBN [ , ]
    • a
    • ISBN
    • 3-411-04013-0 Find
Status udost. Data inwentaryzacji Sygnatura Lokalizacja Numer inwentarzowy
12008-11-19GERM. Słowniki specj. 01BMG.18642